Регионална библиотека "Любен Каравелов" - Русе

Ръжево Конаре (Запис номер 487602)

MARC детайли
000 -Лидер
Контролно поле с фиксирана дължина nam a22 a 4500
003 - Код на организацията, давaща контролен номер
Контролно поле BLK
005 - Дата и час на последна редакция
Контролно поле 20221220113703.0
008 - Елементи от данни с фиксирана дължина
fixed length control field 221216b bu |||||r|||| 00| | bu d
020 ## - Международен стандартен номер на книга ISBN
Международен стандартен номер на книга ISBN 9786191888740
040 ## - Източник на каталожния запис
Идентификатор на билиотеката - собственик на записа BLK
041 ## - Код за език
Код за езика на текст/звукозапис или на отделно заглавие Български
Код за езика КДБФ Български
080 ## - УДК
Текстов определител УДК Краезнание
УДК код - определител по УДК 908
УДК определител (497.21-22)
УДК - код + определител 908(497.21-22)
139 ## - Редно поле
Редна дума Ръжево Конаре
245 ## - Сведения за заглавието
Заглавие Ръжево Конаре
Редно поле (дума) състав. Кристиян Ковачев ; под глав. ред. на Димитър Петров
260 ## - Област на издателските данни
9 (RLIN) 219492
Място на издаване, разпространение и проч. София
Име на издателя, разпространителя и проч. Изд. авт.
Година на издаване 2022
300 ## - Физическа характеристика
Страници 87 с.
Илюстрации и др. с ил., портр.
Размери/Мащаб 20 см
380 ## - Жанр
Жанр География
504 ## - Забележка за наличие на библиография и др
Забележка за наличие на библиография и под. Библиогр.: с. 83-86
650 #0 - Допълнително описание по предмет – тема
9 (RLIN) 394760
Основно описание – тема или топоним Села - Южна България - история
651 #0 - Допълнително описание по предмет - топоним
9 (RLIN) 485719
Географско понятие Ръжево Конаре, област Пловдив
700 ## - Други автори (авторска отговорност)
9 (RLIN) 392389
Лично име Ковачев, Кристиян Иванов
Автороска отговорност (Описва отношението между автора и произведението) състав.
700 ## - Други автори (авторска отговорност)
9 (RLIN) 523
Лично име Петров, Димитър Василев
Автороска отговорност (Описва отношението между автора и произведението) глав. ред.
852 ## - Местоположение
Форматна сигнатура Цб 315681
Фондова буква Хранилище
856 ## - Електронен адрес и достъп
Инструкция (цена за достъп) 0.00
Права за достъп disable
999 ## - СИСТЕМНИ КОНТРОЛНИ НОМЕРА
Koha biblionumber 487602
Koha biblioitemnumber 487602
942 ## - АРТИКУЛИ
Вид на библиотечния материал Книги
Скрит в OPAC Не
Периодичен библиозапис Да
944 ## - СЪЗДАВАНЕ И РЕДАКЦИЯ на ЗАПИСА
Създаване/Редакция Създаване
Дата на регистрацията/редакция 2022-12-16
Служител, извършил регистрацията/редакцията ВЙ
999 ## - СИСТЕМНИ КОНТРОЛНИ НОМЕРА
Koha biblioitemnumber 487602
Наличности
Код за отписване Код за изгубен артикул Източник на класификационната схема Код за повреда Коз за рестрикции Код за отдаване Артикулен № Име на библиотеката - собственик Име на библиотеката, в която се намира в момента Статус (Текущо местоположение) Дата на вписване в системата Местоположение - отдел Цена в лева Систематично азбучна сигнатура Баркод Цена в евро Служебен тип на артикула
  Не е изгубен Universal Decimal Classification Не е повреден само за читалня ползва се в читалня 920696 Регионална библиотека "Любен Каравелов" Русе Регионална библиотека "Любен Каравелов" Русе Хранилище 2022-12-19 Хранилище 5.00 Цб 315681 120000880582 2.56 Книги
Vip Innovations Ltd, Rousse, Bulgaria 2025